书目信息 |
| 题名: |
彩色摄影技巧
|
|
| 作者: | 塔米茨基 著 ;张汉玺 译 | |
| 分册: | ||
| 出版信息: | 北京 知识出版社 1983.10 |
|
| 页数: | 297页 | |
| 开本: | 20cm | |
| 丛书名: | ||
| 单 册: | ||
| 中图分类: | TB81 | |
| 科图分类: | ||
| 主题词: | 摄影--理论 | |
| 电子资源: | ||
| ISBN: | ||
| 000 | 00515nam0 2200193 45 | |
| 001 | 0312221749 | |
| 005 | 20060515110911.04 | |
| 010 | @dCNY1.95 | |
| 100 | @a20031222d1983 km y0chiy0120 ea | |
| 101 | @achi | |
| 200 | 1 | @a彩色摄影技巧@ACai Se She Ying Ji Qiao@f塔米茨基著@FTa Mi Ci Ji Zhu@g张汉玺译 |
| 210 | @a北京@c知识出版社@d1983.10 | |
| 215 | @a297页@d20cm | |
| 606 | 0 | @a摄影@x理论 |
| 690 | @aTB81@v3 | |
| 701 | 0 | @a塔米茨基@4著 |
| 702 | 0 | @a张汉玺@4译 |
| 801 | @aCN@bTSTCL@c20060515 | |
| 905 | @a213230@dTB81@e11 | |
| 彩色摄影技巧/塔米茨基著/张汉玺译.-北京:知识出版社,1983.10 |
| 297页;20cm |
| ISBN :CNY1.95 |
| ● |
| 相关链接 |
|
|
|
|
正题名:彩色摄影技巧
索取号:TB81/11
 
预约/预借
| 序号 | 登录号 | 条形码 | 馆藏地/架位号 | 状态 | 备注 |
| 1 | 0202265 | 202337532 | 密集书库/ [索取号:TB81/11] | 在馆 | |
| 2 | 0202266 | 202451989 | 第二样本阅览室/ [索取号:TB81/11] | 在馆 |